Online
Catalog
Normal view MARC view

Entry Nombre de reunión

Number of records used in: 1

001 - NÚMERO DE CONTROL

  • campo de control: 35958

003 - IDENTIFICADOR DEL NÚMERO DE CONTROL

  • campo de control: OSt

005 - FECHA Y HORA DE LA ÚLTIMA TRANSACCIÓN

  • campo de control: 20200615033518.0

008 - DATOS DE LONGITUD FIJA

  • campo de control de longitud fija: 200615|| aca||aabn | a|a d

040 ## - FUENTE DE LA CATALOGACIÓN

  • Centro catalogador/agencia de origen: OSt
  • Centro/agencia transcriptor: OSt

111 ## - ENCABEZAMIENTO--NOMBRE DE CONGRESO/REUNIÓN

  • Nombre de congreso/reunión o jurisdicción como elemento de entrada: Seminario sobre gestión de las empresas públicas en la República Dominicana e Italia
  • Número del congreso/reunión o número de parte o sección: 30 de obtubrede 1975
  • Sede del congreso/Lugar de la reunión: Santo Domingo )

670 ## - FUENTE DE DATOS ENCONTRADOS

  • Cita de la fuente: Work cat.: (OSt)15551: Seminario sobre gestión de las empresas públicas en la República Dominicana e Italia 30 de obtubrede 1975 Santo Domingo ), Control de Gobierno Central sobre las empresas públicas /, 1979.

Powered by Koha